Southville International School and Colleges
Your cart is empty.
  • Cart
  • Lists
    Public lists Eva Luna New books Lux_list list_1
    Your lists Log in to create your own lists
  • Log in to your account
  • Your cookies
  • Search history
Southville International School and Colleges
  • Advanced search
  • Recent comments
  • Most popular
  • Libraries

Log in to your account

Log in with GOOGLE


If you do not have an external account, but do have a local account, you can still log in:

  1. Home
  2. MARC view: Ethics :
Normal view MARC view ISBD view

Ethics : (Record no. 363170)

[ view plain ]
MARC details
000 -LEADER
fixed length control field 00568nam a2200217Ia 4500
008 - FIXED-LENGTH DATA ELEMENTS--GENERAL INFORMATION
fixed length control field 200601s9999 xx 000 0 und d
020 ## - INTERNATIONAL STANDARD BOOK NUMBER
International Standard Book Number 978-621-406-234-8
050 ## - LIBRARY OF CONGRESS CALL NUMBER
Classification number FIL BJ 1012
050 ## - LIBRARY OF CONGRESS CALL NUMBER
Item number .A54 2019
100 ## - MAIN ENTRY--PERSONAL NAME
Personal name Angulo, Joselito B.
245 #0 - TITLE STATEMENT
Title Ethics :
245 #2 - TITLE STATEMENT
Remainder of title a heuristic approach /
245 #0 - TITLE STATEMENT
Statement of responsibility, etc Joselito, B. Angulo, Ely S. Alpe, Willie A. Bunag.
260 ## - PUBLICATION, DISTRIBUTION, ETC. (IMPRINT)
Place of publication, distribution, etc Manila :
260 ## - PUBLICATION, DISTRIBUTION, ETC. (IMPRINT)
Name of publisher, distributor, etc Mindshapers,
260 ## - PUBLICATION, DISTRIBUTION, ETC. (IMPRINT)
Date of publication, distribution, etc 2019
300 ## - PHYSICAL DESCRIPTION
Extent 156 pages :
300 ## - PHYSICAL DESCRIPTION
Dimensions 23 cm.
500 ## - GENERAL NOTE
General note Includes bibliographical references.
650 ## - SUBJECT ADDED ENTRY--TOPICAL TERM
Topical term or geographic name as entry element Ethics.
Holdings
Withdrawn status Lost status Damaged status Home library Current library Shelving location Date acquired Cost, normal purchase price Total Checkouts Full call number Barcode Date last seen Price effective from Koha item type
      South Mansfield College South Mansfield College Filipiniana Section 01/20/2020 325.00   FIL BJ 1012 .A54 2019 SMC06343 06/01/2020 06/01/2020  

Ethics :

APA

Angulo J. B., .Ethics. Manila: .

Chicago

Angulo Joselito B, .Ethics. Manila: .

Harvard

Angulo J. B., .Ethics. Manila: .

MLA

Angulo Joselito B, .Manila: . .

  • Place hold
  • Print
  • Cite
  • Add to your cart (remove)
  • Save record
    BIBTEX Dublin Core MARCXML MARC (non-Unicode/MARC-8) MARC (Unicode/UTF-8) MARC (Unicode/UTF-8, Standard) MODS (XML) RIS
  • More searches
    Search for this title in:
    Other Libraries (WorldCat) Other Databases (Google Scholar) Online Stores (Bookfinder.com) Open Library (openlibrary.org)

Exporting to Dublin Core...

SOUTHVILLE LIBRARY

Southville International School and Colleges Library

1281 Tropical Ave. Cor. Luxembourg St., BF Homes International, Las Pinas City

Tel. No. 8256374 / 252358 Loc. 117/146

Powered by Koha